Juventud, tradición y desarrollo en Africa
Salvato in:
| Natura: | Libro |
|---|---|
| Lingua: | spagnolo |
| Pubblicazione: |
Barcelona
Serbal
1982
|
| Serie: | Colección Temas Africanos, 4
|
| Soggetti: | |
| Tags: |
Aggiungi Tag
Nessun Tag, puoi essere il primo ad aggiungerne!!
|
MARC
| LEADER | 00000nam a2200000 a 4500 | ||
|---|---|---|---|
| 001 | UCO2354 | ||
| 003 | CL-VaPUC | ||
| 008 | 000602e19820000SP |||||||||||||||||spa|d | ||
| 082 | 0 | 4 | |a 960 |b JUV |2 21 |
| 245 | 1 | 0 | |a Juventud, tradición y desarrollo en Africa |
| 300 | |a 148 p | ||
| 942 | |c BK | ||
| 945 | |d 20000602 00:00:00 |a rherrera | ||
| 260 | |a Barcelona |b Serbal |c 1982 | ||
| 650 | 7 | |a HISTORIA DE AFRICA SIGLO 20 |2 CL-VaPUC |9 445390 | |
| 650 | 0 | |a Juventud |9 271073 | |
| 650 | 0 | |a Desarrollo económico |9 259599 | |
| 650 | 0 | |a Desarrollo cultural |9 267526 | |
| 651 | 0 | |a África |9 256790 | |
| 583 | |a last modification |c 20160912 04:52:44 |k Rodrigo Vera | ||
| 490 | 0 | |a Colección Temas Africanos, 4 | |
| 999 | |c 288889 |d 288887 | ||
| 952 | |0 0 |1 0 |4 0 |6 960_000000000000000_JUV_1982 |7 0 |8 A |9 336855 |a BIBHIS |b BIBHIS |d 2019-11-20 |i 128553K |o 960 JUV 1982 |p 128553K |r 2025-01-20 |w 2019-11-20 |y BK |k HIS | ||
| 952 | |0 0 |1 0 |4 0 |6 960_000000000000000_JUV_1982 |7 0 |8 A |9 336856 |a BIBHIS |b BIBHIS |d 2019-11-20 |i 1285548 |o 960 JUV 1982 |p 1285548 |r 2025-01-20 |w 2019-11-20 |y BK |k HIS | ||